000 01074nam a22002537a 4500
003 PE SENCICO BE
005 20251020182639.0
008 230704b |||||||| |||| 00| 0 eng d
040 _aPE SENCICO BE
_cPE SENCICO BE
041 _aspa
084 _aI
_aTOP
_a2017
_bG96
100 1 _91201
_aGutarra Prado, Pabel Luis
_eautor
245 1 _aAplicación y métodos de trabajo batimétrico :
_bproceso de sedimentación y erosión /
_cPabel Luis Gutarra Prado
260 _aLima :
_c2017
300 _a84 h. :
_bil. col., diagrs., tabls., lams. pleg. ;
_c29 cm.
502 _aMonografía de Titulación.-- Servicio Nacional de Capacitación para la Industria de la Construcción. Escuela Superior Técnica. Carrera Profesional Técnica en Topografía y Geodesía, 2017.
650 1 4 _94
_aTopografía
650 2 4 _9116
_aLevantamiento topográfico
650 2 4 _92
_aGeodesia
650 2 4 _91202
_aBatimetría
710 1 _aServicio Nacional de Capacitación para la Industria de la Construcción.
_bEscuela Superior Técnica
_91065
910 _bhfp
_chfp
942 _cMON
999 _c4223
_d4223